Health,medicine and empire : (Record no. 38416)

MARC details
000 -LEADER
fixed length control field 00794nam a22002177a 4500
005 - DATE AND TIME OF LATEST TRANSACTION
control field 20100731134115.0
010 ## - LCCN (DPL NO)
LC control number ENG-96994
020 ## - INTERNATIONAL STANDARD BOOK NUMBER
International Standard Book Number 8125029915
Terms of availability 345.00
020 ## - INTERNATIONAL STANDARD BOOK NUMBER
International Standard Book Number 9788125029915
Terms of availability 345.00
035 ## - SYSTEM CONTROL NUMBER
System control number EN-80527
037 ## - SOURCE OF ACQUISITION
Source of stock number/acquisition DBAD/PUB
082 ## - DEWEY DECIMAL CLASSIFICATION NUMBER
Classification number 601.954
245 ## - TITLE STATEMENT
Title Health,medicine and empire :
Remainder of title perspectives on colonial India /
Statement of responsibility, etc edited by Biswamoy Pati [and] Mark Harrison
260 ## - PUBLICATION, DISTRIBUTION, ETC. (IMPRINT)
Place of publication, distribution, etc New Delhi
Name of publisher, distributor, etc Orient Longman
Date of publication, distribution, etc 2006
270 ## - ADDRESS
Address 1/24 Asaf Ali Road
City New Delhi
Postal code 110002
300 ## - PHYSICAL DESCRIPTION
Extent x,408p.
Dimensions 22 cm (pbk)
500 ## - GENERAL NOTE
General note Includes index
700 ## - ADDED ENTRY--PERSONAL NAME
Personal name Harrison , Mark
9 (RLIN) 3321
942 ## - ADDED ENTRY ELEMENTS (KOHA)
Source of classification or shelving scheme Dewey Decimal Classification
Item type English Books
Classification part 610.954
Call number suffix HEA
Holdings
Withdrawn status Lost status Not for loan Collection code Home library Current library Date acquired Source of acquisition Cost, normal purchase price Full call number Barcode Copy number Cost, replacement price Koha item type
    Not For Loan Non-fiction D.B.Act.Division D.B.Act.Division 31/07/2010 DBAD/PUB 345.00 610.954 HEA EN-80527 1 345.00 English Books

© Delhi Public Library
Hit Counter
free hit counter